[Event "?"]
[Site "ICS rated blitz match, 164.58"]
[Date "1997.??.??"]
[Round "?"]
[White "Brause"]
[Black "oldtimer"]
[Result "1-0"]
[WhiteElo "2375"]
[BlackElo "2215"]
[PlyCount "183"]

1. e4 e5 2. Nf3 Nc6 3. Nc3 Nf6 4. Nxe5 Nxe5 5. d4 Ng6 6. e5 Ng8 7. Bc4 d5 8.
Bxd5 c6 9. Be4 f5 10. Bf3 Bb4 11. O-O N8e7 12. Ne2 Be6 13. c3 Ba5 14. Nf4 Nxf4
15. Bxf4 O-O 16. Bg5 h6 17. Bd2 Bb6 18. g3 Qc7 19. Bg2 c5 20. dxc5 Bxc5 21. b4
Bb6 22. Re1 Rad8 23. Qc1 Kh7 24. a4 a6 25. a5 Ba7 26. Ra3 Qd7 27. Be3 Bxe3 28.
Qxe3 Bd5 29. f3 Qe6 30. Bf1 Bc4 31. Bg2 Rd7 32. f4 Rfd8 33. Raa1 Bd5 34. Bf1
Rc8 35. Bh3 h5 36. Rac1 g6 37. Qe2 Rdc7 38. Qd2 Rd7 39. Qe2 Nc6 40. Qe3 Nd8 41.
Qf2 Rdc7 42. Re3 Qe7 43. Bf1 Bc4 44. Bg2 Ne6 45. Ree1 Rd7 46. Rc2 Qd8 47. Rcc1
Rd2 48. Qa7 Bd5 49. Bf1 Be4 50. Qe3 Qd7 51. Be2 Rd8 52. Ra1 Qc6 53. Rac1 Bh1
54. Qf2 Be4 55. Qe3 R2d7 56. Rf1 Nc7 57. c4 Ne6 58. Rf2 Rd2 59. Re1 R2d4 60.
Rc1 Bd3 61. Bf3 Be4 62. Be2 Bh1 63. b5 Qe4 64. Qa3 R4d7 65. bxa6 bxa6 66. c5
Qc6 67. Bxa6 Be4 68. Bf1 Rd1 69. a6 Rxc1 70. Qxc1 Qxc5 71. Qxc5 Nxc5 72. Ra2
Ne6 73. Kf2 Kg7 74. Bc4 Nc7 75. Ke3 Kf8 76. Rd2 Rxd2 77. Kxd2 Ke7 78. a7 Ne6
79. Ke3 Ba8 80. Be2 Nc7 81. Bf1 Ne6 82. Bc4 Kd7 83. Bb3 Nd8 84. Bg8 Ne6 85. Bf7
Nf8 86. Kd4 Ke7 87. Bd5 Ne6+ 88. Kc4 Nc7 89. Bxa8 Nxa8 90. Kd5 Kd7 91. e6+ Ke7
92. h3 1-0

[Event "?"]
[Site "ICS rated blitz match, 164.58"]
[Date "1997.??.??"]
[Round "?"]
[White "Brause"]
[Black "fweep"]
[Result "1-0"]
[WhiteElo "2380"]
[BlackElo "2025"]
[PlyCount "27"]

1. e4 e5 2. Nf3 Nc6 3. Nc3 Nf6 4. Nxe5 Nxe5 5. d4 Nc6 6. d5 Nb8 7. e5 Ng8 8. d6
cxd6 9. exd6 Qb6 10. Nb5 Na6 11. Qe2+ Kd8 12. Be3 Qc6 13. O-O-O Nf6 14. Nxa7
1-0

[Event "?"]
[Site "ICS rated blitz match, 164.58"]
[Date "1997.??.??"]
[Round "?"]
[White "Brause"]
[Black "fweep"]
[Result "1-0"]
[WhiteElo "2385"]
[BlackElo "2005"]
[PlyCount "27"]

1. e4 e5 2. Nf3 Nc6 3. Nc3 Nf6 4. Nxe5 Nxe5 5. d4 Nc6 6. d5 Ne5 7. f4 Ng6 8. e5
Ng8 9. d6 c6 10. g3 b6 11. Qe2 f5 12. exf6+ Kf7 13. Qc4+ Ke8 14. f7# 1-0

[Event "?"]
[Site "ICS rated blitz match, 164.58"]
[Date "1997.??.??"]
[Round "?"]
[White "Brause"]
[Black "oldtimer"]
[Result "1/2-1/2"]
[WhiteElo "2390"]
[BlackElo "2210"]
[PlyCount "103"]

1. e4 e5 2. Nf3 Nc6 3. Nc3 Nf6 4. Nxe5 Nxe5 5. d4 Ng6 6. e5 Ng8 7. Bc4 d5 8.
Bxd5 c6 9. Be4 f5 10. Bf3 Bb4 11. O-O N8e7 12. Ne2 Be6 13. c3 Ba5 14. Nf4 Nxf4
15. Bxf4 O-O 16. Bg5 h6 17. Bd2 Bb6 18. g3 Qc7 19. Bg2 c5 20. dxc5 Bxc5 21. b4
Bb6 22. Re1 Rad8 23. Qc1 Kh7 24. a4 a6 25. a5 Ba7 26. Rb1 Bd5 27. Qc2 Bxg2 28.
Kxg2 Qc6+ 29. Kg1 Qc4 30. Rb2 Rd5 31. Qc1 Rfd8 32. e6 Re8 33. Qd1 Ng6 34. Qf3
Rb5 35. Rc2 Qc6 36. Qxc6 bxc6 37. Bf4 Rd5 38. Bc7 Bb8 39. Bxb8 Rxb8 40. Kf1 Re8
41. h3 Re7 42. c4 Rd6 43. b5 cxb5 44. cxb5 axb5 45. Rb2 Rdxe6 46. Rxe6 Rxe6 47.
Rxb5 Ne7 48. Rb7 Nd5 49. Rb5 Ne7 50. Rb7 Nc8 51. Rc7 Ne7 52. Rb7 1/2-1/2

[Event "?"]
[Site "ICS rated blitz match, 164.58"]
[Date "1997.??.??"]
[Round "?"]
[White "Brause"]
[Black "oldtimer"]
[Result "1-0"]
[WhiteElo "2380"]
[BlackElo "2215"]
[PlyCount "49"]

1. e4 e5 2. Nf3 Nc6 3. Nc3 Nf6 4. Nxe5 Nxe5 5. d4 Ng6 6. e5 Ng8 7. Bc4 d5 8.
Bxd5 c6 9. Be4 f5 10. Bf3 Bb4 11. O-O N8e7 12. Ne2 Be6 13. c3 Ba5 14. Bg5 Qd7
15. g3 O-O 16. Qa4 Bb6 17. Qc2 Rad8 18. Bg2 h6 19. Be3 Bc4 20. Rfe1 Bxe2 21.
Qxe2 f4 22. Bd2 c5 23. Qc4+ Kh8 24. dxc5 Rc8 25. Qd4 1-0

[Event "?"]
[Site "ICS rated blitz match, 164.58"]
[Date "1997.??.??"]
[Round "?"]
[White "Brause"]
[Black "oldtimer"]
[Result "0-1"]
[WhiteElo "2380"]
[BlackElo "2210"]
[PlyCount "186"]

1. e4 e5 2. Nf3 Nc6 3. Nc3 Nf6 4. Nxe5 Nxe5 5. d4 Ng6 6. e5 Ng8 7. Bc4 d5 8.
Bxd5 c6 9. Be4 f5 10. Bf3 Bb4 11. O-O N8e7 12. Ne2 Be6 13. c3 Ba5 14. Nf4 Nxf4
15. Bxf4 O-O 16. Bg5 h6 17. Bd2 Bb6 18. g3 Qc7 19. Bg2 c5 20. dxc5 Bxc5 21. b4
Bb6 22. Re1 Rad8 23. Qc1 Kh7 24. a4 a6 25. a5 Ba7 26. Ra3 Bd5 27. Re2 Bxg2 28.
Kxg2 Qc6+ 29. Kg1 Rd3 30. Ra1 Rfd8 31. Rb1 Qc4 32. Qe1 R3d5 33. Rb2 Ng6 34. e6
Re8 35. h4 Qg4 36. Kh2 Nxh4 37. Qf1 Ng6 38. f3 Qc4 39. Qe1 Re7 40. Qd1 Rd6 41.
Rc2 Rdxe6 42. Rxe6 Qxe6 43. Bc1 Qe1 44. Qxe1 Rxe1 45. Kg2 Ne5 46. Ba3 Nc4 47.
Ra2 Be3 48. f4 Bc1 49. Kf2 Rh1 50. Kg2 Rd1 51. Bxc1 Rxc1 52. Re2 Rxc3 53. Re7
Nd6 54. Kh2 Rc6 55. Rd7 b6 56. axb6 Rxb6 57. Rd8 Nc4 58. Ra8 Ne3 59. Kg1 Nc2
60. Ra7 Nxb4 61. Kf2 Nc6 62. Rf7 Kg6 63. Rc7 a5 64. Rc8 Ra6 65. Re8 a4 66. Re6+
Kf7 67. Re1 a3 68. Ra1 a2 69. Ke3 Nb4 70. Kd2 Ra3 71. Kc1 Rb3 72. Kd2 Rb1 73.
Rxa2 Nxa2 74. Kd3 Rc1 75. Kd4 Ke6 76. Ke3 Kd5 77. Kf2 Ke4 78. g4 Kxf4 79. gxf5
Kxf5 80. Kf3 Re1 81. Kg3 Rf1 82. Kg2 Rf4 83. Kg3 Nc1 84. Kh2 Kg4 85. Kg2 Nd3
86. Kh2 Rf2+ 87. Kh1 Kh3 88. Kg1 g5 89. Kh1 g4 90. Kg1 g3 91. Kh1 Ne1 92. Kg1
Nf3+ 93. Kh1 g2# 0-1

[Event "?"]
[Site "ICS rated blitz match, 164.58"]
[Date "1997.??.??"]
[Round "?"]
[White "Brause"]
[Black "oldtimer"]
[Result "1/2-1/2"]
[WhiteElo "2370"]
[BlackElo "2220"]
[PlyCount "145"]

1. e4 e5 2. Nf3 Nc6 3. Nc3 Nf6 4. Nxe5 Nxe5 5. d4 Ng6 6. e5 Ng8 7. Bc4 d5 8.
Bxd5 c6 9. Be4 f5 10. Bf3 Bb4 11. O-O N8e7 12. Ne2 Be6 13. c3 Ba5 14. Nf4 Nxf4
15. Bxf4 O-O 16. Bg5 h6 17. Bd2 Bb6 18. g3 Qc7 19. Bg2 c5 20. dxc5 Bxc5 21. b4
Bb6 22. Re1 Rad8 23. Qc1 Kh7 24. a4 a6 25. a5 Ba7 26. Bf3 Bd5 27. Bxd5 Rxd5 28.
Re2 Qc4 29. Qe1 Re8 30. Kh1 Ng6 31. f4 Red8 32. h4 h5 33. e6 Re8 34. Rg2 Nf8
35. e7 Nd7 36. Qe6 Nf6 37. Re1 Qc6 38. Qxc6 bxc6 39. c4 Rd3 40. b5 cxb5 41.
cxb5 axb5 42. Bb4 Rb3 43. Bd6 Ne4 44. Be5 Rxe7 45. Kh2 Ra3 46. Rxe4 fxe4 47.
Bd6 Rxa5 48. Bxe7 Bd4 49. Re2 e3 50. Bd6 Ra6 51. Be5 Bxe5 52. fxe5 b4 53. Rxe3
Kg8 54. Rd3 Rb6 55. Rf3 b3 56. e6 b2 57. e7 Rb8 58. Rb3 Re8 59. Rxb2 Rxe7 60.
Kg2 Rf7 61. Re2 Kh7 62. Re5 g6 63. Re4 Kg7 64. g4 hxg4 65. Rxg4 Rf5 66. Rg5
Rxg5+ 67. hxg5 Kf7 68. Kf3 Ke6 69. Ke4 Kd6 70. Kd4 Ke6 71. Ke4 Kd6 72. Kd4 Ke6
73. Ke4 1/2-1/2

[Event "?"]
[Site "ICS rated blitz match, 164.58"]
[Date "1997.??.??"]
[Round "?"]
[White "Brause"]
[Black "oldtimer"]
[Result "0-1"]
[WhiteElo "2365"]
[BlackElo "2225"]
[PlyCount "148"]

1. e4 e5 2. Nf3 Nc6 3. Nc3 Nf6 4. Nxe5 Nxe5 5. d4 Ng6 6. e5 Ng8 7. Bc4 d5 8.
Bxd5 c6 9. Be4 f5 10. Bf3 Bb4 11. O-O N8e7 12. Ne2 Be6 13. c3 Ba5 14. Nf4 Nxf4
15. Bxf4 O-O 16. Bg5 h6 17. Bd2 Bb6 18. g3 Qc7 19. Bg2 c5 20. dxc5 Bxc5 21. b4
Bb6 22. Re1 Rad8 23. Qc1 Kh7 24. a4 a6 25. a5 Ba7 26. Ra3 Bd5 27. Re2 Bxg2 28.
Kxg2 Qc4 29. Qe1 Rfe8 30. h3 Ng6 31. f4 Rd3 32. Kh2 Rf3 33. Ra1 Rd8 34. h4 h5
35. Rd1 Rfd3 36. e6 Ne7 37. Rc1 Re8 38. Rd1 Nc6 39. Ra1 Rd6 40. Qd1 g6 41. Qf1
Rdxe6 42. Rxe6 Qxf1 43. Rxf1 Rxe6 44. Re1 Rxe1 45. Bxe1 Kg7 46. Kg2 Kf7 47. Kf1
Ne7 48. c4 Bd4 49. Ke2 Ke6 50. Kd3 Bg1 51. b5 Bc5 52. Kc3 Nc8 53. Kc2 Nd6 54.
Kd3 Ne4 55. bxa6 bxa6 56. Ke2 Kd6 57. Kd3 Kc6 58. Kc2 Bf2 59. Bb4 Nxg3 60. Be7
Ne4 61. Bb4 Bxh4 62. Ba3 Bg3 63. Bc1 h4 64. Be3 Bf2 65. Bc1 h3 66. Bb2 h2 67.
Be5 h1=Q 68. Bg7 Qe1 69. Kb2 Bc5 70. Be5 Qd2+ 71. Kb3 Qc1 72. Bc3 Qxc3+ 73. Ka2
Ba3 74. c5 Qb2# 0-1

[Event "?"]
[Site "ICS rated blitz match, 164.58"]
[Date "1997.??.??"]
[Round "?"]
[White "Brause"]
[Black "weyl"]
[Result "1-0"]
[WhiteElo "2355"]
[BlackElo "1865"]
[PlyCount "81"]

1. e4 e5 2. Nf3 Nc6 3. Nc3 Nf6 4. Nxe5 Nxe5 5. d4 Ng6 6. e5 Ng8 7. Bc4 d6 8.
Qf3 f6 9. Qh5 dxe5 10. Bxg8 Rxg8 11. dxe5 Qe7 12. Nd5 Qd7 13. exf6 c6 14. Ne3
gxf6 15. O-O Bd6 16. Rd1 Qc7 17. Nc4 Bf8 18. Re1+ Kf7 19. Qxh7+ Bg7 20. Rd1 Rh8
21. Nd6+ Qxd6 22. Qxg7+ Kxg7 23. Rxd6 Bf5 24. Be3 Bxc2 25. Rd7+ Kg8 26. Rxb7
Rh7 27. Rxh7 Kxh7 28. f3 Ba4 29. b3 Bb5 30. a4 Ba6 31. Rd1 Ne5 32. Rd6 Rb8 33.
Rxf6 Rxb3 34. Bd4 Nd3 35. h3 c5 36. Rxa6 cxd4 37. Rxa7+ Kg6 38. Rd7 Rb4 39. a5
Nc5 40. Rd5 Na6 41. Rd6+ 1-0

[Event "?"]
[Site "ICS rated blitz match, 164.58"]
[Date "1997.??.??"]
[Round "?"]
[White "Brause"]
[Black "nille"]
[Result "1-0"]
[WhiteElo "2360"]
[BlackElo "1865"]
[PlyCount "57"]

1. e4 e5 2. Nf3 Nc6 3. Nc3 Nf6 4. Nxe5 Nxe5 5. d4 Ng6 6. e5 Ng8 7. Bc4 d5 8.
Bxd5 c6 9. Be4 Be6 10. f4 N8e7 11. O-O Qd7 12. Na4 Nf5 13. c3 h5 14. b4 Bd5 15.
Bd3 b5 16. Nc5 Bxc5 17. bxc5 Nfh4 18. f5 Ne7 19. f6 gxf6 20. exf6 Nxg2 21. fxe7
Nh4 22. Bf4 Qh3 23. Kf2 Rg8 24. Bg3 Qg2+ 25. Ke3 Rxg3+ 26. hxg3 Qxg3+ 27. Kd2
Kxe7 28. Kc2 Kd7 29. Qxh5 1-0

[Event "?"]
[Site "ICS rated blitz match, 164.58"]
[Date "1997.??.??"]
[Round "?"]
[White "Brause"]
[Black "nille"]
[Result "1-0"]
[WhiteElo "2365"]
[BlackElo "1860"]
[PlyCount "31"]

1. e4 e5 2. Nf3 Nc6 3. Nc3 Nf6 4. Nxe5 Nxe5 5. d4 Ng6 6. e5 Ng8 7. Bc4 d5 8.
Bxd5 c6 9. Be4 Bb4 10. O-O Bxc3 11. bxc3 N8e7 12. Qd3 Be6 13. f4 Bd5 14. f5
Bxe4 15. Qxe4 Nf8 16. f6 1-0

[Event "?"]
[Site "ICS rated blitz match, 164.58"]
[Date "1997.??.??"]
[Round "?"]
[White "Brause"]
[Black "nille"]
[Result "1-0"]
[WhiteElo "2360"]
[BlackElo "1870"]
[PlyCount "93"]

1. e4 e5 2. Nf3 Nc6 3. Nc3 Nf6 4. Nxe5 Nxe5 5. d4 Ng6 6. e5 Ng8 7. Bc4 d5 8.
Bxd5 c6 9. Be4 Bb4 10. O-O Bxc3 11. bxc3 Be6 12. f4 Bd5 13. Bxd5 Qxd5 14. f5
Nf8 15. Qg4 g6 16. fxg6 hxg6 17. Ba3 Nh6 18. Qh4 Qd8 19. Qh3 Qd7 20. Qh4 Ne6
21. Qf6 Rh7 22. Qh4 g5 23. Qe4 Rh8 24. Rab1 O-O-O 25. Rf3 Qd5 26. Qxd5 cxd5 27.
Rbf1 Rd7 28. Bc1 Rc7 29. Rh3 Kb8 30. Rf6 Nf4 31. Bxf4 gxf4 32. Rfxh6 Rxh6 33.
Rxh6 Rxc3 34. Rh8+ Kc7 35. Rf8 Rxc2 36. Rxf7+ Kb6 37. a3 Ra2 38. Rxf4 Rxa3 39.
g4 a5 40. g5 Rc3 41. g6 Rc8 42. h4 a4 43. h5 Rg8 44. Rf6+ Ka5 45. h6 a3 46. h7
Rxg6+ 47. Kf2 1-0

[Event "?"]
[Site "ICS rated blitz match, 164.58"]
[Date "1997.??.??"]
[Round "?"]
[White "Brause"]
[Black "Zeddie"]
[Result "1-0"]
[WhiteElo "2360"]
[BlackElo "2195"]
[PlyCount "85"]

1. e4 e5 2. Nf3 Nc6 3. Nc3 Nf6 4. Nxe5 Nxe5 5. d4 Ng6 6. e5 Ng8 7. Bc4 d6 8.
Qf3 Qd7 9. O-O dxe5 10. dxe5 Nxe5 11. Re1 Bd6 12. Bf4 f6 13. Bb5 c6 14. Rad1
Qe6 15. Qg3 Kf8 16. Bxe5 Bxe5 17. f4 cxb5 18. fxe5 Qb6+ 19. Re3 Bf5 20. Rd6 Qc5
21. Rd5 Qc8 22. Qf4 Bxc2 23. Qb4+ Kf7 24. e6+ Qxe6 25. Rxe6 Kxe6 26. Qxb5 Ne7
27. Qe2+ Kf7 28. Rd7 Rae8 29. Qxc2 Kf8 30. Rxb7 Nc6 31. Ne4 Re6 32. Qc5+ Ne7
33. Qc4 Rb6 34. Nd6 Rxd6 35. Rb8+ Nc8 36. Qxc8+ Kf7 37. Rb7+ Kg6 38. Qg4+ Kh6
39. Qxg7+ Kh5 40. Rb5+ Rd5 41. Rxd5+ f5 42. Rxf5+ Kh4 43. Qg3# 1-0

[Event "?"]
[Site "ICS rated blitz match, 164.58"]
[Date "1997.??.??"]
[Round "?"]
[White "Brause"]
[Black "oldtimer"]
[Result "0-1"]
[WhiteElo "2385"]
[BlackElo "2235"]
[PlyCount "148"]

1. e4 e5 2. Nf3 Nc6 3. Nc3 Nf6 4. Nxe5 Nxe5 5. d4 Ng6 6. e5 Ng8 7. Bc4 d5 8.
Bxd5 c6 9. Be4 f5 10. Bf3 Bb4 11. O-O N8e7 12. Ne2 Be6 13. c3 Ba5 14. Nf4 Nxf4
15. Bxf4 O-O 16. Bg5 h6 17. Bd2 Bb6 18. g3 Qc7 19. Bg2 c5 20. dxc5 Bxc5 21. b4
Bb6 22. Re1 Rad8 23. Qc1 Kh7 24. a4 a6 25. a5 Ba7 26. Ra3 Bd5 27. Re2 Bxg2 28.
Kxg2 Qc4 29. Qe1 Rfe8 30. e6 Nc6 31. Bf4 Re7 32. Ra1 Rde8 33. Qd2 Rxe6 34. Rxe6
Qxe6 35. Rd1 Qe4+ 36. f3 Qe2+ 37. Qxe2 Rxe2+ 38. Kh3 g5 39. Rd2 Rxd2 40. Bxd2
Ne5 41. Kg2 Nc4 42. Be1 Kg6 43. Kf1 Kf6 44. Ke2 Ke6 45. h3 h5 46. Kd3 Kd5 47.
Ke2 g4 48. h4 Ne5 49. fxg4 fxg4 50. Bd2 Ke4 51. Bf4 Nc4 52. Bc7 Be3 53. Bd8 Nd6
54. b5 axb5 55. Bc7 Nf5 56. Bb8 Bc5 57. Bc7 Bd6 58. Bd8 Bxg3 59. Bb6 Bxh4 60.
Bc5 Bg3 61. Bg1 h4 62. c4 bxc4 63. a6 bxa6 64. Bc5 Bf4 65. Bb4 Nd4+ 66. Kf1 Kd3
67. Be1 h3 68. Bh4 c3 69. Be1 c2 70. Kf2 c1=Q 71. Kf1 Nf5 72. Kf2 Qc6 73. Ba5
Qh1 74. Bb4 g3# 0-1

[Event "?"]
[Site "ICS rated blitz match, 164.58"]
[Date "1997.??.??"]
[Round "?"]
[White "Brause"]
[Black "GregI"]
[Result "0-1"]
[WhiteElo "2360"]
[BlackElo "2410"]
[PlyCount "142"]

1. e4 e5 2. Nf3 Nc6 3. Nc3 Nf6 4. Nxe5 Nxe5 5. d4 Ng6 6. e5 Ng8 7. Bc4 d5 8.
Bxd5 Bb4 9. Qf3 Bxc3+ 10. bxc3 Be6 11. Bxb7 Rb8 12. Bc6+ Bd7 13. Bd5 Be6 14.
Bxe6 fxe6 15. Qc6+ Qd7 16. Qc5 N8e7 17. Qxa7 O-O 18. Qa6 Qd5 19. O-O c5 20. Qd3
c4 21. Qe2 Ra8 22. Re1 Ra7 23. a3 Nc8 24. Qe4 Nb6 25. Rb1 Qxe4 26. Rxe4 Nd5 27.
Re1 Nxc3 28. Rb6 Re8 29. Rc6 Ra4 30. Bb2 Nd5 31. Rd1 Kf7 32. Rd6 Rb8 33. Bc1
Rb1 34. Kf1 Rxa3 35. Rd7+ Nge7 36. Rb7 Raa1 37. Rxb1 Rxb1 38. Re1 Nf5 39. Ba3
Rxe1+ 40. Kxe1 Nxd4 41. Kd2 Kg6 42. Bc5 Nc6 43. g3 Nxe5 44. Ke2 Kf5 45. f3 h5
46. h4 Nc6 47. Kd2 e5 48. c3 e4 49. fxe4+ Kxe4 50. Bf8 g6 51. Bc5 Kf3 52. Bd6
Nce7 53. Bc5 Nf5 54. Bg1 Nxg3 55. Ke1 Ne4 56. Bd4 g5 57. hxg5 Nxg5 58. Kf1 Ne4
59. Kg1 Nexc3 60. Kh2 Ne4 61. Bb2 Nf4 62. Bd4 c3 63. Be5 c2 64. Bb2 Nd3 65. Ba3
Nef2 66. Kg1 Ng4 67. Kf1 h4 68. Kg1 h3 69. Kh1 h2 70. Bc5 c1=Q+ 71. Bg1 Qxg1#
0-1

[Event "?"]
[Site "ICS rated blitz match, 164.58"]
[Date "1997.??.??"]
[Round "?"]
[White "Brause"]
[Black "GregI"]
[Result "1-0"]
[WhiteElo "2365"]
[BlackElo "2405"]
[PlyCount "65"]

1. e4 e5 2. Nf3 Nc6 3. Nc3 Nf6 4. Nxe5 Nxe5 5. d4 Ng6 6. e5 Ng8 7. Bc4 d6 8.
Qf3 Be6 9. Qxb7 N8e7 10. Nb5 Rc8 11. Bxe6 fxe6 12. exd6 cxd6 13. Qxa7 Nc6 14.
Qa4 d5 15. Na7 Rc7 16. Nxc6 Qd7 17. Qa8+ Rc8 18. Nb8 Qb5 19. Qa6 Rxb8 20. Qxe6+
Be7 21. a4 Qc4 22. c3 Rf8 23. g3 Ra8 24. a5 Ra6 25. Qe2 Qxe2+ 26. Kxe2 Kd7 27.
Re1 Kc6 28. Bd2 Kb5 29. b3 Bd8 30. Kf1 Ne7 31. c4+ Kc6 32. b4 dxc4 33. b5+ 1-0

[Event "?"]
[Site "ICS rated blitz match, 164.58"]
[Date "1997.??.??"]
[Round "?"]
[White "Brause"]
[Black "oldtimer"]
[Result "0-1"]
[WhiteElo "2355"]
[BlackElo "2260"]
[PlyCount "176"]

1. e4 e5 2. Nf3 Nc6 3. Nc3 Nf6 4. Nxe5 Nxe5 5. d4 Ng6 6. e5 Ng8 7. Bc4 d5 8.
Bxd5 c6 9. Be4 f5 10. Bf3 Bb4 11. O-O N8e7 12. Ne2 Be6 13. c3 Ba5 14. Nf4 Nxf4
15. Bxf4 O-O 16. Bg5 h6 17. Bd2 Bb6 18. g3 Qc7 19. Bg2 c5 20. dxc5 Bxc5 21. b4
Bb6 22. Re1 Rad8 23. Qc1 Kh7 24. a4 a6 25. a5 Ba7 26. Ra3 Bd5 27. Re2 Bxg2 28.
Kxg2 Qc4 29. Qe1 Rfe8 30. e6 Ng6 31. h4 Re7 32. f3 Nf8 33. Bf4 Rxe6 34. Rxe6
Qxe6 35. Ra1 Qxe1 36. Rxe1 Ng6 37. Bc1 Rd7 38. h5 Ne7 39. Re2 Kg8 40. Rd2 Rxd2+
41. Bxd2 Nd5 42. Kf1 Nf6 43. Bf4 Nxh5 44. Be5 Kf7 45. Kg2 Nf6 46. c4 Nd7 47.
Bc3 g5 48. b5 Bc5 49. Kf1 Ke6 50. Ke2 Ne5 51. bxa6 bxa6 52. Be1 Nxc4 53. Kd3
Ne5+ 54. Ke2 g4 55. fxg4 fxg4 56. Bd2 h5 57. Be1 Kd5 58. Bd2 Ke4 59. Bc3 Nc4
60. Be1 Bd6 61. Kf2 Kd3 62. Kf1 Bc5 63. Kg2 Ke2 64. Bc3 Bd6 65. Bd4 Bc7 66. Ba7
Nxa5 67. Bc5 Be5 68. Bf2 Nc4 69. Kg1 a5 70. Bc5 a4 71. Kh2 Kf1 72. Be7 a3 73.
Bb4 a2 74. Ba5 Bd4 75. Bb4 Kf2 76. Be1+ Kxe1 77. Kh1 Kf1 78. Kh2 Kf2 79. Kh1
Kf3 80. Kh2 Ne3 81. Kg1 Kxg3 82. Kh1 Kh3 83. Kg1 g3 84. Kh1 Bc3 85. Kg1 Be1 86.
Kh1 h4 87. Kg1 Bf2+ 88. Kh1 g2# 0-1

[Event "?"]
[Site "ICS rated blitz match, 164.58"]
[Date "1997.??.??"]
[Round "?"]
[White "Brause"]
[Black "erdene"]
[Result "1-0"]
[WhiteElo "2345"]
[BlackElo "1805"]
[PlyCount "31"]

1. e4 e5 2. Nf3 Nc6 3. Nc3 Nf6 4. Nxe5 Nxe5 5. d4 Ng6 6. e5 Ng8 7. Bc4 Bb4 8.
Qf3 Bxc3+ 9. bxc3 Qe7 10. O-O Nh6 11. g3 Rf8 12. Qh5 b6 13. a3 Bb7 14. Bg5 f6
15. exf6 Qe4 16. Rae1 1-0

[Event "?"]
[Site "ICS rated blitz match, 164.58"]
[Date "1997.??.??"]
[Round "?"]
[White "Brause"]
[Black "erdene"]
[Result "1-0"]
[WhiteElo "2345"]
[BlackElo "1805"]
[PlyCount "21"]

1. e4 e5 2. Nf3 Nc6 3. Nc3 Nf6 4. Nxe5 Nxe5 5. d4 Ng6 6. e5 Ng8 7. Bc4 d6 8.
Qf3 Qe7 9. Bb5+ Bd7 10. Qxb7 Rc8 11. Qxc8+ 1-0

[Event "?"]
[Site "ICS rated blitz match, 164.58"]
[Date "1997.??.??"]
[Round "?"]
[White "Brause"]
[Black "erdene"]
[Result "1-0"]
[WhiteElo "2350"]
[BlackElo "1800"]
[PlyCount "91"]

1. e4 e5 2. Nf3 Nc6 3. Nc3 Nf6 4. Nxe5 Nxe5 5. d4 Ng6 6. e5 Ng8 7. Bc4 d6 8.
Qf3 Qe7 9. Bb5+ c6 10. Bxc6+ bxc6 11. Qxc6+ Qd7 12. Qxa8 dxe5 13. Be3 exd4 14.
Bxd4 Qxd4 15. Qxc8+ Qd8 16. Qc6+ Qd7 17. Qa8+ Qd8 18. Qxa7 Be7 19. O-O Nf6 20.
Rfd1 Qc8 21. Nd5 Nxd5 22. Qa4+ Kf8 23. Rxd5 h6 24. Qe4 Bf6 25. Re1 Kg8 26. Qe8+
Kh7 27. Qxc8 Rxc8 28. c3 Rb8 29. Rd2 Ne5 30. Re4 Ra8 31. a4 Ra7 32. Rd5 Nc6 33.
Kf1 Rb7 34. b4 Kg6 35. b5 Ne7 36. Rc5 Nf5 37. c4 Nd6 38. Rg4+ Kh7 39. Rd5 Be7
40. Rgd4 Rc7 41. a5 Nxc4 42. b6 Nxb6 43. axb6 Rc6 44. Rd7 Bf6 45. b7 Rb6 46.
Re4 1-0

[Event "?"]
[Site "ICS rated blitz match, 164.58"]
[Date "1997.??.??"]
[Round "?"]
[White "Brause"]
[Black "erdene"]
[Result "1-0"]
[WhiteElo "2350"]
[BlackElo "1800"]
[PlyCount "39"]

1. e4 e5 2. Nf3 Nc6 3. Nc3 Nf6 4. Nxe5 Nxe5 5. d4 Ng6 6. e5 Ng8 7. Bc4 Bb4 8.
Qf3 Bxc3+ 9. bxc3 Qe7 10. O-O Nh6 11. g3 O-O 12. a4 Rb8 13. Qh5 d6 14. exd6
Qxd6 15. Ba3 Qc6 16. Bxf8 Qxc4 17. Bb4 b6 18. Qb5 a5 19. Qe8+ Nf8 20. Qxf8# 1-0

[Event "?"]
[Site "ICS rated blitz match, 164.58"]
[Date "1997.??.??"]
[Round "?"]
[White "Brause"]
[Black "erdene"]
[Result "1-0"]
[WhiteElo "2350"]
[BlackElo "1800"]
[PlyCount "79"]

1. e4 e5 2. Nf3 Nc6 3. Nc3 Nf6 4. Nxe5 Nxe5 5. d4 Ng6 6. e5 Ng8 7. Bc4 Bb4 8.
Qf3 Qe7 9. O-O Bxc3 10. bxc3 Nh6 11. g3 O-O 12. a4 Rb8 13. a5 Re8 14. Bd5 Nf8
15. Qh5 Ne6 16. Bxh6 gxh6 17. f4 Qf8 18. Bg2 Qg7 19. f5 Qg5 20. Qxg5+ Nxg5 21.
h4 d6 22. hxg5 hxg5 23. Rae1 dxe5 24. dxe5 c6 25. g4 Bd7 26. Re3 Rbd8 27. Rb1
Bc8 28. a6 b6 29. Bxc6 Re7 30. Ra1 Rc7 31. Bb5 Rd2 32. Ra2 Rc5 33. Be2 Rdd5 34.
e6 fxe6 35. Ra4 b5 36. Rd4 Rxd4 37. cxd4 Rxc2 38. fxe6 Kf8 39. e7+ Ke8 40.
Bxb5+ 1-0

[Event "?"]
[Site "ICS rated blitz match, 164.58"]
[Date "1997.??.??"]
[Round "?"]
[White "Brause"]
[Black "erdene"]
[Result "1-0"]
[WhiteElo "2350"]
[BlackElo "1800"]
[PlyCount "31"]

1. e4 e5 2. Nf3 Nc6 3. Nc3 Nf6 4. Nxe5 Nxe5 5. d4 Ng6 6. e5 Ng8 7. Bc4 Bb4 8.
Qf3 Bxc3+ 9. bxc3 Qe7 10. O-O d6 11. Ba3 Nh6 12. exd6 cxd6 13. Rfe1 Be6 14. d5
O-O 15. dxe6 fxe6 16. Rxe6 1-0

[Event "?"]
[Site "ICS rated blitz match, 164.58"]
[Date "1997.??.??"]
[Round "?"]
[White "Brause"]
[Black "erdene"]
[Result "1-0"]
[WhiteElo "2355"]
[BlackElo "1795"]
[PlyCount "53"]

1. e4 e5 2. Nf3 Nc6 3. Nc3 Nf6 4. Nxe5 Nxe5 5. d4 Nc6 6. d5 Nb8 7. e5 Ng8 8. d6
cxd6 9. exd6 Qf6 10. Nb5 Na6 11. Be2 b6 12. O-O Bb7 13. Re1 O-O-O 14. Nxa7+ Kb8
15. Nb5 Bc6 16. Nd4 Nc5 17. b4 Ne6 18. Bb2 Nxd4 19. Bxd4 Qxd6 20. Bxb6 Qxd1 21.
Raxd1 Re8 22. b5 Kb7 23. Be3 Bb4 24. bxc6+ Kxc6 25. Bf3+ Kc7 26. Bb6+ Kxb6 27.
Rxe8 1-0

[Event "?"]
[Site "ICS rated blitz match, 164.58"]
[Date "1997.??.??"]
[Round "?"]
[White "Brause"]
[Black "erdene"]
[Result "1-0"]
[WhiteElo "2355"]
[BlackElo "1795"]
[PlyCount "21"]

1. e4 e5 2. Nf3 Nc6 3. Nc3 Nf6 4. Nxe5 Nxe5 5. d4 Ng6 6. e5 Ng8 7. Bc4 d6 8.
Qf3 Qe7 9. Bb5+ Bd7 10. Qxb7 Rd8 11. Nd5 1-0

[Event "?"]
[Site "ICS rated blitz match, 164.58"]
[Date "1997.??.??"]
[Round "?"]
[White "Brause"]
[Black "erdene"]
[Result "1-0"]
[WhiteElo "2355"]
[BlackElo "1795"]
[PlyCount "69"]

1. e4 e5 2. Nf3 Nc6 3. Nc3 Nf6 4. Nxe5 Nxe5 5. d4 Ng6 6. e5 Ng8 7. Bc4 Bb4 8.
Qf3 Qe7 9. O-O Bxc3 10. bxc3 Nh6 11. g3 O-O 12. a4 Kh8 13. Bxh6 gxh6 14. Qh5
Qg5 15. Qf3 c6 16. Qd3 Qe7 17. f4 d5 18. exd6 Qxd6 19. f5 Ne7 20. Rae1 Nd5 21.
Re5 Qf6 22. Rb1 b6 23. a5 b5 24. Bxd5 cxd5 25. Qxb5 Qg5 26. Qe2 Bxf5 27. Qf2
Rab8 28. Rxb8 Rxb8 29. Qxf5 Qxf5 30. Rxf5 Kg7 31. Rxd5 Rb2 32. c4 Rxc2 33. c5
Ra2 34. c6 Rc2 35. Rc5 1-0

[Event "?"]
[Site "ICS rated blitz match, 164.58"]
[Date "1997.??.??"]
[Round "?"]
[White "Brause"]
[Black "oldtimer"]
[Result "0-1"]
[WhiteElo "2355"]
[BlackElo "2270"]
[PlyCount "134"]

1. e4 e5 2. Nf3 Nc6 3. Nc3 Nf6 4. Nxe5 Nxe5 5. d4 Ng6 6. e5 Ng8 7. Bc4 d5 8.
Bxd5 c6 9. Be4 f5 10. Bf3 Bb4 11. O-O N8e7 12. Ne2 Be6 13. c3 Ba5 14. Bg5 Qd7
15. Qa4 Bb6 16. g3 h6 17. Be3 Bd5 18. Bh5 O-O 19. c4 Be6 20. Qb3 f4 21. gxf4
Kh8 22. Rfd1 Bg4 23. Bxg4 Qxg4+ 24. Ng3 Nh4 25. Kf1 Nef5 26. Nxf5 Nxf5 27. c5
Qh3+ 28. Ke2 Qg4+ 29. Kf1 Bd8 30. Bc1 Bh4 31. Rd3 Ne7 32. Qxb7 Rac8 33. Qxa7
Nd5 34. h3 Qf5 35. Ra3 Qe4 36. Qd7 Nxf4 37. Qg4 g5 38. Bxf4 Qxf4 39. Qxf4 Rxf4
40. f3 Rxd4 41. e6 Re8 42. Re3 Kg7 43. Ke2 Kf6 44. a3 Rxe6 45. b4 Bg3 46. Rxe6+
Kxe6 47. Rd1 Rxd1 48. Kxd1 Kd5 49. Kc2 Kc4 50. Kb2 Be5+ 51. Kc2 Bc3 52. Kc1 Kb3
53. b5 cxb5 54. Kd1 Be5 55. Ke2 Kxa3 56. Kd3 b4 57. f4 Bxf4 58. Kd4 b3 59. Kd3
b2 60. Ke4 Kb4 61. Kf3 b1=Q 62. Ke2 Qe4+ 63. Kf2 Qe3+ 64. Kg2 Bg3 65. h4 g4 66.
Kh1 Qf2 67. h5 Qf1# 0-1